[Event "Wiesbaden op 28th"]
[Site "Wiesbaden"]
[Date "2016.08.28"]
[Round "6"]
[White "Reinecke, Alexander"]
[Black "Giesselbach, Christian"]
[Result "1-0"]
[WhiteElo "1118"]
[BlackElo "1588"]
[PlyCount "51"]
[EventDate "2016.08.25"]
[EventType "swiss"]
[EventRounds "7"]
[EventCountry "GER"]
[SourceTitle "CBM 174 Extra"]
[Source "ChessBase"]
[SourceDate "2016.10.10"]
[SourceVersion "1"]
[SourceVersionDate "2016.10.10"]
[SourceQuality "1"]

1. e4 c6 2. d4 d5 3. exd5 cxd5 4. Nf3 Bf5 5. Bb5+ Nc6 6. Ne5 Qa5+ 7. Nc3 Rc8 8. 0-0 e6 9. Bd2 Bb4 10. a3 Bxc3 11. Bxc6+ bxc6 12. Bxc3 Qc7 13. Bb4 Ne7 14. c4 0-0 15. cxd5 cxd5 16. Rc1 Qb7 17. Qa4 Rfd8 18. Bxe7 Qxe7 19. Nc6 Qg5 20. Nxd8 Qxd8 21. Rxc8 Qxc8 22. Qxa7 f6 23. b4 Qc3 24. b5 e5 25. b6 Qxd4 26. Qa8+ 1-0

[Event "Wiesbaden op 28th"]
[Site "Wiesbaden"]
[Date "2016.08.27"]
[Round "5"]
[White "Giesselbach, Christian"]
[Black "Werner, Rosalie"]
[Result "1/2-1/2"]
[WhiteElo "1588"]
[BlackElo "909"]
[PlyCount "45"]
[EventDate "2016.08.25"]
[EventType "swiss"]
[EventRounds "7"]
[EventCountry "GER"]
[SourceTitle "CBM 174 Extra"]
[Source "ChessBase"]
[SourceDate "2016.10.10"]
[SourceVersion "1"]
[SourceVersionDate "2016.10.10"]
[SourceQuality "1"]

1. d4 d5 2. c4 e6 3. Nf3 Nf6 4. g3 Be7 5. Bg2 c6 6. 0-0 b6 7. Nbd2 Bb7 8. Qc2 Nbd7 9. e4 c5 10. exd5 exd5 11. Re1 0-0 12. cxd5 Bxd5 13. b3 cxd4 14. Nxd4 Bxg2 15. Kxg2 Nc5 16. Nc6 Qd5+ 17. Kg1 Qxc6 18. Rxe7 Rfe8 19. Rxe8+ Qxe8 20. Bb2 Qe6 21. Nf3 Nce4 22. Bxf6 Nxf6 23. Re1 1/2-1/2

[Event "Wiesbaden op 27th"]
[Site "Wiesbaden"]
[Date "2015.08.29"]
[Round "5"]
[White "Nasshan, Erich"]
[Black "Giesselbach, Christian"]
[Result "1-0"]
[WhiteElo "1543"]
[BlackElo "1083"]
[PlyCount "47"]
[EventDate "2015.08.27"]
[EventType "swiss"]
[EventRounds "7"]
[EventCountry "GER"]
[SourceTitle "EXT 2016"]
[Source "ChessBase"]
[SourceDate "2015.10.08"]
[SourceVersion "1"]
[SourceVersionDate "2015.10.08"]
[SourceQuality "1"]

1. c4 c5 2. Nf3 Nf6 3. g3 g6 4. Bg2 Bg7 5. 0-0 Nc6 6. Nc3 0-0 7. Rb1 e6 8. d4 cxd4 9. Nxd4 Re8 10. Nxc6 dxc6 11. Bf4 Nd7 12. Ne4 f6 13. Qd2 Nb6 14. Nd6 Re7 15. c5 Nc4 16. Nxc4 Rd7 17. Bd6 e5 18. Bh3 Rf7 19. Bg2 Rd7 20. b4 Bf8 21. Bh3 f5 22. Nxe5 Bxd6 23. Nxd7 Qxd7 24. Qxd6 1-0

[Event "Wiesbaden op 27th"]
[Site "Wiesbaden"]
[Date "2015.08.27"]
[Round "1"]
[White "Niedenthal, Robert"]
[Black "Giesselbach, Christian"]
[Result "1-0"]
[WhiteElo "1811"]
[BlackElo "1083"]
[PlyCount "47"]
[EventDate "2015.08.27"]
[EventType "swiss"]
[EventRounds "7"]
[EventCountry "GER"]
[SourceTitle "EXT 2016"]
[Source "ChessBase"]
[SourceDate "2015.10.08"]
[SourceVersion "1"]
[SourceVersionDate "2015.10.08"]
[SourceQuality "1"]

1. c4 c5 2. g3 g6 3. Bg2 Bg7 4. Nc3 Nc6 5. e3 d6 6. Nge2 e5 7. 0-0 Nge7 8. h3 0-0 9. Kh2 Be6 10. d3 Qd7 11. Nd5 Bxd5 12. cxd5 Nb4 13. Nc3 Rac8 14. a3 Na6 15. h4 Nc7 16. Bh3 f5 17. e4 Nb5 18. h5 h6 19. hxg6 Nxg6 20. exf5 Nd4 21. fxg6 Qe8 22. Qg4 Nf3+ 23. Kg2 Rf6 24. Qxc8 1-0

[Event "Wiesbaden op 26th"]
[Site "Wiesbaden"]
[Date "2014.08.29"]
[Round "3"]
[White "Moseler, Thomas"]
[Black "Giesselbach, Christian"]
[Result "1-0"]
[WhiteElo "1628"]
[BlackElo "1147"]
[PlyCount "47"]
[EventDate "2014.08.28"]
[EventType "swiss"]
[EventRounds "7"]
[EventCountry "GER"]
[SourceTitle "CBM 162 Extra"]
[Source "ChessBase"]
[SourceDate "2014.10.17"]
[SourceVersion "1"]
[SourceVersionDate "2014.10.17"]
[SourceQuality "1"]

1. e4 c6 2. d4 d5 3. e5 Bf5 4. Nf3 e6 5. Bd3 Bxd3 6. Qxd3 Nd7 7. 0-0 c5 8. c3 Ne7 9. Ng5 Nf5 10. Nh3 Qb6 11. Rd1 Be7 12. b3 cxd4 13. cxd4 Qxd4 14. Qxd4 Nxd4 15. Rxd4 Rc8 16. Rd1 Nxe5 17. Be3 0-0 18. Nd2 Bf6 19. Rac1 Ng4 20. Nf4 Nxe3 21. fxe3 Rc3 22. Rxc3 Bxc3 23. Nb1 Rc8 24. Rc1 1-0

[Event "Wiesbaden op 25th"]
[Site "Wiesbaden"]
[Date "2013.08.23"]
[Round "3"]
[White "Hill, Michael"]
[Black "Giesselbach, Christian"]
[Result "1-0"]
[WhiteElo "1621"]
[BlackElo "1061"]
[PlyCount "83"]
[EventDate "2013.08.22"]
[EventType "swiss"]
[EventRounds "7"]
[EventCountry "GER"]
[SourceTitle "EXT 2014"]
[Source "ChessBase"]
[SourceDate "2013.11.20"]
[SourceVersion "1"]
[SourceVersionDate "2013.11.20"]
[SourceQuality "1"]

1. b3 d5 2. e4 c6 3. exd5 cxd5 4. Nf3 Bf5 5. Bb2 e6 6. d3 Bb4+ 7. Nbd2 Nf6 8. Be2 0-0 9. 0-0 Nc6 10. a3 Bd6 11. Nh4 Ne7 12. Bxf6 gxf6 13. Bf3 Qb6 14. Bg4 Bg6 15. Bh5 Rac8 16. Ra2 Qd4 17. Nxg6 fxg6 18. Be2 Nf5 19. Nf3 Qb6 20. c4 dxc4 21. dxc4 Rfd8 22. Qb1 Nd4 23. Nxd4 Qxd4 24. Rd1 Qb6 25. b4 Be5 26. Rad2 Rxd2 27. Rxd2 a5 28. c5 Qc7 29. g3 Rd8 30. Rxd8+ Qxd8 31. Qe4 axb4 32. axb4 Qd5 33. Qg4 f5 34. Qh4 Bd4 35. Qe7 b6 36. Qe8+ Kg7 37. c6 Qe4 38. Qe7+ Kg8 39. c7 Bxf2+ 40. Kxf2 Qd4+ 41. Kg2 Qe4+ 42. Kh3 1-0